| 000 | 00000nas 2200000za 4500 |
| 001 | 9.843789 |
| 003 | CaOODSP |
| 005 | 20221107152613 |
| 007 | cr ||||||||||| |
| 008 | 170915d19871988oncar p oss f0###a0eng|d |
| 022 | |y0840-8491 |
| 040 | |aCaOODSP|beng |
| 041 | |aeng|afre |
| 043 | |an-cn--- |
| 086 | 1 |aCS17-202-PDF |
| 245 | 00|aDemographic and income statistics for postal areas, Canada |h[electronic resource] / |cStatistics Canada, Small Area and Administrative Data Division = Statistiques démographiques et sur le revenu par régions postales, Canada / Statistique Canada, Division des données régionales et administratives. |
| 246 | 11|aStatistiques démographiques et sur le revenu par régions postales, Canada |
| 260 | |aOttawa : |bStatistics Canada = Statistique Canada, |c1989-1990. |
| 310 | |aAnnual |
| 362 | 0 |a1987-1988. |
| 500 | |aDigitized edition from print [produced by Statistics Canada]. |
| 546 | |aText in English and French. |
| 692 | 07|2gccst|aIncome |
| 710 | 1 |aCanada. |bStatistics Canada. |bSmall Area and Administrative Data Division. |
| 780 | 00|tUrban FSA and rural postal code summary data, Canada |w(CaOODSP)9.843793 |
| 792 | |tDemographic and income statistics for postal areas, Canada |efre|w(CaOODSP)9.843790 |